Θεωρία των κοινωνικών συστημάτων
Αποθηκεύτηκε σε:
| Κύριος συγγραφέας: | |
|---|---|
| Άλλοι συγγραφείς: | , |
| Μορφή: | Βιβλίο |
| Γλώσσα: | Greek |
| Δημοσίευση: |
Αθήνα :
Αντ. Ν. Σάκκουλας,
1995.
|
| Σειρά: | Διοίκηση και πολιτεία. Μελέτες ;
12 |
| Θέματα: | |
| Ετικέτες: |
Προσθήκη ετικέτας
Δεν υπάρχουν, Καταχωρήστε ετικέτα πρώτοι!
|
MARC
| LEADER | 00000cam a2200000 a 4500 | ||
|---|---|---|---|
| 001 | 1/122878 | ||
| 008 | 210413s1995####gr | ||| |||| ||gre|| | ||
| 020 | |a 9602322322 | ||
| 040 | |a GR-MyUa |b gre |c GR-MyUa |e AACR2 | ||
| 041 | 0 | |a gre | |
| 082 | 7 | |a 301.01 |2 (23) | |
| 100 | 1 | |a Luhmann, Niklas, |d 1927-1998. | |
| 245 | 1 | 0 | |a Θεωρία των κοινωνικών συστημάτων / |c Niklas Luhmann ; εισαγωγή, επιμέλεια Αντ. Μακρυδημήτρης, Π. Καρκατσούλης. |
| 260 | |a Αθήνα : |b Αντ. Ν. Σάκκουλας, |c 1995. | ||
| 300 | |a 228 σ. ; |c 21 εκ. | ||
| 490 | 1 | |a (Διοίκηση και πολιτεία. Μελέτες ; |v 12) | |
| 504 | |a Περιλαμβάνει βιβλιογραφικές παραπομπές. | ||
| 650 | 0 | |a Social systems |x Philosophy. | |
| 650 | 0 | |a System theory. | |
| 650 | 0 | |a Sociology |x Philosophy. | |
| 700 | 1 | |a Μακρυδημήτρης, Αντώνης, |d 1955- |e edt | |
| 700 | 1 | |a Καρκατσούλης, Παναγιώτης, |d 1958- |e edt | |
| 830 | 0 | |a Διοίκηση και πολιτεία. |p Μελέτες ; |v 12 | |
| 852 | |a INST |b SYROS |e 20210413 |h 301.01 LUH |p 005500014279 |q 005500014279 |t BK |y 0 | ||
| 970 | |a Κοντού |b Παρασκευή |z 13/04/2021 | ||